Entry Personal Name
Number of records used in: 1
001 - CONTROL NUMBER
003 - CONTROL NUMBER IDENTIFIER
005 - DATE AND TIME OF LATEST TRANSACTION
- control field:
20250530151429.0
008 - FIXED-LENGTH DATA ELEMENTS
- fixed length control field:
970724n| azannaabn |n aaa
010 ## - LIBRARY OF CONGRESS CONTROL NUMBER
- LC control number:
n 97074693
035 ## - SYSTEM CONTROL NUMBER
- System control number:
(OCoLC)oca04393135
040 ## - CATALOGING SOURCE
- Original cataloging agency:
DLC
- Language of cataloging:
eng
- Description conventions:
rda
- Transcribing agency:
DLC
- Modifying agency:
NcU
100 1# - HEADING--PERSONAL NAME
- Personal name:
Schindler, Pamela S.
374 ## - OCCUPATION
- Occupation:
University and college faculty members
- Source of term:
lcdgt
377 ## - ASSOCIATED LANGUAGE
670 ## - SOURCE DATA FOUND
- Source citation:
Business research methods, 1997:
- Information found:
t.p. (Pamela S. Schindler, Wittenberg Univ.)
670 ## - SOURCE DATA FOUND
- Source citation:
Business research methods, 2022:
- Information found:
title page (Pamela S. Schindler, Wittenberg University)